Energetická koncepce
S plynom sa v roku 2021 rátalo ako s jednoznačnou náhradou za energetické spaľovanie uhlia. Kvôli nižšej dostupnosti plynu a jeho vyššej cene, ktoré boli vyvolané konfliktom na Ukrajine, treba uvažovať o prechodnom využívaní uhlia v stredne- či dlhodobom horizonte. Reálne možnosti.
Guardado en:
| Autor principal: | |
|---|---|
| Formato: | Capítulo de libro |
| Lenguaje: | checo |
| Materias: | |
| Etiquetas: |
Sin Etiquetas, Sea el primero en etiquetar este registro!
|
MARC
| LEADER | 00000naa a2200000 4500 | ||
|---|---|---|---|
| 001 | 0291804 | ||
| 005 | 20240417075231.9 | ||
| 041 | 0 | |a cze | |
| 044 | |a CZ | ||
| 245 | 1 | 0 | |a Energetická koncepce |c Petr Neuman |
| 520 | |a S plynom sa v roku 2021 rátalo ako s jednoznačnou náhradou za energetické spaľovanie uhlia. Kvôli nižšej dostupnosti plynu a jeho vyššej cene, ktoré boli vyvolané konfliktom na Ukrajine, treba uvažovať o prechodnom využívaní uhlia v stredne- či dlhodobom horizonte. Reálne možnosti. | ||
| 610 | 2 | 0 | |a energetika |
| 610 | 2 | 0 | |a energia |
| 610 | 2 | 0 | |a uhlie |
| 610 | 2 | 0 | |a plyn |
| 610 | 2 | 0 | |a teplárenstvo |
| 610 | 2 | 0 | |a ceny |
| 610 | 2 | 0 | |a bezpečnosť energetická |
| 610 | 2 | 0 | |a bezpečnosť |
| 610 | 2 | 0 | |a Česko |
| 610 | 2 | 0 | |a Európa |
| 610 | 2 | 0 | |a Ukrajina |
| 610 | 2 | 0 | |a emisie |
| 100 | 1 | |a Neuman, Petr | |